LIBRARY & INFORMATION CENTRE, KCAET, TAVANUR

ONLINE PUBLIC ACCESS CATALOGUE (OPAC)

Text book of photogrammetry / (Record no. 2032)

MARC details
000 -LEADER
fixed length control field 00530cam a2200217ua 4500
041 ## - LANGUAGE CODE
Language code of text/sound track or separate title eng
082 ## - DEWEY DECIMAL CLASSIFICATION NUMBER
Classification number 526.982
Item number RAM/TE
100 ## - MAIN ENTRY--AUTHOR NAME
Personal name Rampal, K.K .
245 ## - TITLE STATEMENT
Title Text book of photogrammetry /
250 ## - EDITION STATEMENT
Edition statement 1 /
260 ## - PUBLICATION, DISTRIBUTION, ETC. (IMPRINT)
Place of publication New Delhi :
Name of publisher Oxford & IBH Publishing company ,
Year of publication 1982.
300 ## - PHYSICAL DESCRIPTION
Number of Pages ; .
500 ## - GENERAL NOTE
General note **Reference
942 ## - ADDED ENTRY ELEMENTS (KOHA)
Koha item type Books
Holdings
Withdrawn status Lost status Damaged status Home library Current library Date acquired Full call number Accession Number Koha item type
      KAUAET KAUAET 07/04/2012 526.982 RAM/TE 16824 Books
      KAUAET KAUAET 02/09/1986 526.982 RAM/TE 15599 Reference
      KAUAET KAUAET 07/04/2012 526.982 RAM/TE 16915 Reference
free website counter